Multiple Choice Car Quiz - Firebird - Statistics

General Stats
  • This quiz has been taken 8 times
  • The average score is 6 of 10
Answer Stats
Question Answer % Correct
What company owned Pontiac General Moters
100%
What car made by Chevrolet was the closest relative to the Firebird? Camaro
88%
How many generations did the Firebird have? 4
63%
What year did Pontiac drop the Firebird model after being on the market since 1967? 2002
50%
What type of body did the Firebird have? F-Body
50%
Who was the designer of the first generation Firebirds? Jack Humbert
50%
Which one of these shows had a 1977 Pontiac Firebird in it? Smokey and the Bandit
50%
Which of these American cities were the first generation Firebirds not assembled in? Detroit, Michigan
38%
The Firebird was to compete with what car? Ford Mustang
38%
In the 1970s, what car company stepped in for Pontiac when Pontiac could not meet emmision requirements for high-altitude states and California? Oldsmobile
38%
No matching quizzes found
Score Distribution
Percent of People with Each Score
Percentile by Number Answered
Your Score History
You have not taken this quiz